000
00329nam a2200145Ia 4500
008
230718s9999 xx 000 0 und d
041
_a
Eng.
082
_a
340
_b
MOH-Y
100
_a
Mohd, Anwar
245
0
_a
Yearly law reports
260
_a
Pakistan
_b
All Pakistan legal
_c
2005
300
_a
264
650
_a
Law
999
_c
27275
_d
27275